000 00529nam a22001931 4500
001 21621
003 CZ PrNK
005 20260306144929.0
008 020105s1958 xo slo
040 _aABA001
_bcze
_cABA001
_dABA001
100 1 _aSmrčok, Ľubomír,
_d1919-1970
_4aut
245 1 0 _aSpoza humna :
_bČrty a rozprávky /
_c[Autor:] Ľubomír Smrčok
250 _a1. vyd.
260 _aBratislava :
_bMladé letá,
_c1958
300 _a136 s. ;
_c
500 _aS il.
910 _aABA001
942 _2ddc
_cKLDE
_n0
999 _c21621
_d21621